书目信息 |
| 题名: |
经济转轨之路
|
|
| 作者: | 张德修 著 | |
| 分册: | ||
| 出版信息: | 北京 北京大学出版社 2005 |
|
| 页数: | 318页 | |
| 开本: | 23cm | |
| 丛书名: | 北京大学经济学院教授文库 | |
| 单 册: | ||
| 中图分类: | F12-53 | |
| 科图分类: | ||
| 主题词: | 经济--中国--文集 , 经济 | |
| 电子资源: | ||
| ISBN: | 7-301-08080-8 | |
| 000 | 00955oam2 2200277 450 | |
| 001 | 012007269724 | |
| 005 | 20070517091415.57 | |
| 010 | @a7-301-08080-8@dCNY44.00 | |
| 100 | @a20070514d2005 km y0chiy0120 ea | |
| 101 | 0 | @achi |
| 102 | @aCN@b110000 | |
| 105 | @ay z 000yy | |
| 106 | @ar | |
| 200 | 1 | @a经济转轨之路@Ajing ji zhuan gui zhi lu@e张德修文集@f张德修著@Fzhang de xiu zhu |
| 210 | @a北京@c北京大学出版社@d2005 | |
| 215 | @a318页@d23cm | |
| 225 | 2 | @a北京大学经济学院教授文库 |
| 330 | @a本文集对中国和苏联、东欧国家经济转轨的理论和实践进行了比较研究。指出传统经济理论的突破和创新是各国经济转轨的前提条件,并对各国经济转轨的特点、难点、成效和成本进行比较。 | |
| 461 | 0 | @12001 @a北京大学经济学院教授文库 |
| 517 | 1 | @a张德修文集@Azhang de xiu wen ji |
| 606 | 0 | @a经济@y中国@j文集 |
| 606 | 0 | @a经济 |
| 690 | @aF12-53@v4 | |
| 701 | 0 | @a张德修@Azhang de xiu@f(1931~)@4著 |
| 801 | 0 | @aCN@bRULIN@c20070517 |
| 905 | @dF12-53@e170@s8 | |
| 经济转轨之路:张德修文集/张德修著.-北京:北京大学出版社,2005 |
| 318页;23cm.-(北京大学经济学院教授文库) |
| ISBN 7-301-08080-8:CNY44.00 |
| 本文集对中国和苏联、东欧国家经济转轨的理论和实践进行了比较研究。指出传统经济理论的突破和创新是各国经济转轨的前提条件,并对各国经济转轨的特点、难点、成效和成本进行比较。 |
| ● |
| 相关链接 |
|
|
|
|
正题名:经济转轨之路
索取号:F12-53/170
 
预约/预借
| 序号 | 登录号 | 条形码 | 馆藏地/架位号 | 状态 | 备注 |
| 1 | 0577371 | 205773714 | 第一样本阅览室/ [索取号:F12-53/170] | 在馆 | |
| 2 | 0577372 | 205773723 | 第一借阅区/ [索取号:F12-53/170] | 在馆 | |
| 3 | 0577373 | 205773732 | 第一借阅区/ [索取号:F12-53/170] | 在馆 | |
| 4 | 0577374 | 205773741 | 第一借阅区/ [索取号:F12-53/170] | 在馆 | |
| 5 | 0577375 | 205773750 | 第一借阅区/ [索取号:F12-53/170] | 在馆 | |
| 6 | 0577376 | 205773769 | 第一借阅区/ [索取号:F12-53/170] | 在馆 | |
| 7 | 0577377 | 205773778 | 第一借阅区/ [索取号:F12-53/170] | 在馆 | |
| 8 | 0577378 | 205773787 | 第一借阅区/ [索取号:F12-53/170] | 在馆 |